INTERNATIONAL DIMENSIONS OF CORPORATE SOCIAL RESPONSIBILY (Record no. 6573)

MARC details
000 -LEADER
fixed length control field 00369nam a2200133Ia 4500
008 - FIXED-LENGTH DATA ELEMENTS--GENERAL INFORMATION
fixed length control field 240624s9999 xx 000 0 und d
041 ## - LANGUAGE CODE
Language code of text/sound track or separate title eng
082 ## - DEWEY DECIMAL CLASSIFICATION NUMBER
Classification number 658.408 CRO
100 ## - MAIN ENTRY--PERSONAL NAME
Personal name CROWTHER DAVID
245 ## - TITLE STATEMENT
Title INTERNATIONAL DIMENSIONS OF CORPORATE SOCIAL RESPONSIBILY
260 ## - PUBLICATION, DISTRIBUTION, ETC.
Date of publication, distribution, etc. 2005
Place of publication, distribution, etc. Hyderabad
Name of publisher, distributor, etc. ICFAI press
300 ## - PHYSICAL DESCRIPTION
Extent xi, : 151 : p. : cm. ; 24
365 ## - TRADE PRICE
Currency code RS
Price amount 50
Holdings
Withdrawn status Lost status Damaged status Not for loan Home library Current library Shelving location Date acquired Source of acquisition Cost, normal purchase price Total Holds Full call number Barcode Date last seen Copy number Price effective from Koha item type
        IMTN IMTN Rack 31-B 10/03/2007 ICFAI 1200.00 2 658.408 CRO 6573 06/24/2024 1 06/24/2024 Books
Designed & Maintained by: LRC IMT Nagpur Contact: lrc@imtnag.ac.in© 2024. All Rights Reserved.